Alibaba a Abibas

Najväčší online predajca na svete - čínsky Alibaba (nazývaný Taobao). Bohatstvo z predaja falšovaného tovaru. Vstup na burzu. Histrória vzniku internetového obchodu na čele s podnikateľom Jackom Ma-om.

Gespeichert in:
Bibliographische Detailangaben
1. Verfasser: Schuman, Michael
Format: Buchkapitel
Sprache:Slowakisch
Schlagworte:
Tags: Tag hinzufügen
Keine Tags, Fügen Sie das erste Tag hinzu!

MARC

LEADER 00000naa a2200000 4500
001 0210191
005 20231013091639.2
041 0 |a slo 
044 |a SK 
245 1 0 |a Alibaba a Abibas  |c Michael Schuman 
520 |a Najväčší online predajca na svete - čínsky Alibaba (nazývaný Taobao). Bohatstvo z predaja falšovaného tovaru. Vstup na burzu. Histrória vzniku internetového obchodu na čele s podnikateľom Jackom Ma-om. 
610 2 0 |a obchod elektronický 
610 2 0 |a firmy 
610 2 0 |a značky 
610 2 0 |a vlastníctvo duševné 
610 2 0 |a podnikanie 
610 2 0 |a podnikatelia 
610 2 0 |a Čína 
100 1 |a Schuman, Michael